Исследование влияния неоднородности характеристик исходного материала кремния на параметры фотоэлектрических преобразователей; Известия Томского политехнического университета [Известия ТПУ]; Т. 314, № 2: Математика и механика. Физика

Detalles Bibliográficos
Parent link:Известия Томского политехнического университета [Известия ТПУ]/ Томский политехнический университет (ТПУ).— , 2000-
Т. 314, № 2: Математика и механика. Физика.— 2009.— [С. 145-149]
Autor principal: Лапатин Л. Г.
Otros Autores: Новиков А. Н. Алексей Николаевич
Sumario:Заглавие с титульного листа
Электронная версия печатной публикации
Предложены методики и устройства для бесконтактного локального измерения электрофизических параметров Si. С их помощью проведено исследование неоднородности удельного сопротивления, времени жизни неравновесных носителей заряда и типа проводимости в пластинах кремния, из которой затем были изготовлены фотоэлектрические преобразователи. Представлены результаты влияния неоднородного распределения электрофизических параметров в подложке фотоэлектрических преобразователей на его эффективность.
Lenguaje:ruso
Publicado: 2009
Colección:Математика и механика. Физика
Materias:
Acceso en línea:http://www.lib.tpu.ru/fulltext/v/Bulletin_TPU/2009/v314/i2/33.pdf
Formato: MixedMaterials Electrónico Capítulo de libro
KOHA link:https://koha.lib.tpu.ru/cgi-bin/koha/opac-detail.pl?biblionumber=174395

MARC

LEADER 00000nla2a2200000 4500
001 174395
005 20231031164645.0
035 |a (RuTPU)RU\TPU\book\189110 
035 |a RU\TPU\book\189109 
090 |a 174395 
100 |a 20100126d2009 k y0rusy50 ca 
101 0 |a rus 
102 |a RU 
135 |a drnn ---uucaa 
181 0 |a i  
182 0 |a b 
200 1 |a Исследование влияния неоднородности характеристик исходного материала кремния на параметры фотоэлектрических преобразователей  |b Электронный ресурс  |f Л. Г. Лапатин, А. В. Юрченко, А. Н. Новиков 
203 |a Текст  |c электронный 
215 |a 1 файл (502 Кб) 
225 1 |a Математика и механика. Физика 
230 |a Электронные текстовые данные (1 файл : 502 Кб) 
300 |a Заглавие с титульного листа 
300 |a Электронная версия печатной публикации 
320 |a [Библиогр.: с. 149 (8 назв.)] 
330 |a Предложены методики и устройства для бесконтактного локального измерения электрофизических параметров Si. С их помощью проведено исследование неоднородности удельного сопротивления, времени жизни неравновесных носителей заряда и типа проводимости в пластинах кремния, из которой затем были изготовлены фотоэлектрические преобразователи. Представлены результаты влияния неоднородного распределения электрофизических параметров в подложке фотоэлектрических преобразователей на его эффективность. 
337 |a Adobe Reader 
461 1 |0 (RuTPU)RU\TPU\book\176237  |t Известия Томского политехнического университета [Известия ТПУ]  |f Томский политехнический университет (ТПУ)  |d 2000- 
463 1 |0 (RuTPU)RU\TPU\book\188988  |x 1684-8519  |t Т. 314, № 2: Математика и механика. Физика  |v [С. 145-149]  |d 2009  |p 187 с. 
610 1 |a поликристаллический кремний 
610 1 |a фотоэлектрические преобразователи 
610 1 |a СВЧ-методы 
610 1 |a измерение 
610 1 |a параметры 
610 1 |a полупроводники 
610 1 |a труды учёных ТПУ 
610 1 |a электронный ресурс 
700 1 |a Лапатин  |b Л. Г. 
701 1 |a Новиков  |b А. Н.  |c аспирант каф. информационно-измерительной техники (ИИТ) ЭФФ, ТПУ  |f 1984-  |g Алексей Николаевич  |2 stltpush  |3 (RuTPU)RU\TPU\pers\25584 
701 1 |a Новиков  |b А. Н.  |c российский электрофизик  |c аспирант Томского политехнического университета  |f 1984-  |g Алексей Николаевич  |2 stltpush  |3 (RuTPU)RU\TPU\pers\25584 
801 1 |a RU  |b 63413507  |c 20090623  |g PSBO 
801 2 |a RU  |b 63413507  |c 20211210  |g PSBO 
856 4 |u http://www.lib.tpu.ru/fulltext/v/Bulletin_TPU/2009/v314/i2/33.pdf 
942 |c CF